| 000 | 00767nam a2200265 a 4500 | ||
|---|---|---|---|
| 008 | |||
| 049 | _aMAIN | ||
| 090 |
_aQL739.2 _bKRO |
||
| 100 | 1 | _aKrogh, August. | |
| 245 | 1 | 0 |
_aOsmotic regulation in aquatic animals / _cAugust Krogh. |
| 260 |
_aCambridge : _bUiversity Press, _c1939. |
||
| 300 |
_avii, 242 p. : _bill. ; _c23 cm. |
||
| 504 | _aIncludes bibliographical references. | ||
| 500 | _aIncludes index. | ||
| 650 | _aWater balance (physiology). | ||
| 650 | _aOsmotic regulation. | ||
| 650 | _aOsmoregulation. | ||
| 700 | _aSaunders, J.T. | ||
| 700 | _aBarcroft, J. | ||
| 907 |
_a.b1029207x _b09-04-13 _c23-02-11 |
||
| 003 | |||
| 005 | 20230123125135.0 | ||
| 040 | _cNUST | ||
| 942 |
_cBOOKS _kQL739.2 _mKRO |
||
| 999 |
_c136405 _d136405 |
||